Finančné služby v SR - analýza ich podielu na HDP a SAX diplomová práca

Gespeichert in:
Bibliographische Detailangaben
1. Verfasser: Kasander, Vladimír
Körperschaft: Národohospodárska fakulta EU. Katedra bankovníctva a medzinárodných financií
Weitere Verfasser: Malacká, Viera
Format: Buch
Sprache:Slowakisch
Veröffentlicht: Bratislava 2011
Tags: Tag hinzufügen
Keine Tags, Fügen Sie das erste Tag hinzu!

MARC

LEADER 00000nbm a2200000 4500
001 0130601
005 20161109101554.2
041 0 |a slo 
044 |a SK 
245 1 0 |a Finančné služby v SR - analýza ich podielu na HDP a SAX  |b diplomová práca  |c Vladimír Kasander ; školiteľ: Viera Malacká 
264 1 |a Bratislava  |c 2011 
300 |a 64 s. 
100 1 |a Kasander, Vladimír 
700 1 |a Malacká, Viera 
710 2 |a Národohospodárska fakulta EU. Katedra bankovníctva a medzinárodných financií